[Event "Poznan Chess Festival"]
[Site "chess24.com"]
[Date "2021.08.19"]
[Round "6"]
[White "Piotrowski, Pawel"]
[Black "Kabzinski, Jan"]
[Result "1/2-1/2"]
[Board "4"]
[WhiteElo "2067"]
[WhiteCountry "POL"]
[WhiteFideId "1184415"]
[WhiteEloChange "-8"]
[BlackElo "1532"]
[BlackCountry "POL"]
[BlackFideId "21875146"]
[BlackEloChange "8"]

1. d4 {[%clk 1:30:56]} Nf6 {[%clk 1:30:59]} 2. c4 {[%clk 1:31:20]} e6 {[%clk
1:31:27]} 3. g3 {[%clk 1:31:01]} Bb4+ {[%clk 1:31:53]} 4. Bd2 {[%clk 1:31:02]}
Be7 {[%clk 1:32:21]} 5. Bg2 {[%clk 1:31:23]} d5 {[%clk 1:32:48]} 6. Nf3 {[%clk
1:29:47]} O-O {[%clk 1:33:14]} 7. O-O {[%clk 1:29:33]} c6 {[%clk 1:33:42]} 8. Qc2
{[%clk 1:28:31]} Nbd7 {[%clk 1:34:09]} 9. Bg5 {[%clk 1:28:01]} h6 {[%clk
1:33:32]} 10. Bxf6 {[%clk 1:27:41]} Bxf6 {[%clk 1:33:27]} 11. Nbd2 {[%clk
1:27:57]} b6 {[%clk 1:33:23]} 12. cxd5 {[%clk 1:16:10]} cxd5 {[%clk 1:33:38]} 13.
e4 {[%clk 1:15:22]} Ba6 {[%clk 1:26:30]} 14. Rfc1 {[%clk 1:15:42]} Rc8 {[%clk
1:26:35]} 15. Qa4 {[%clk 1:15:11]} Nb8 {[%clk 1:26:45]} 16. Rxc8 {[%clk 1:09:40]}
Qxc8 {[%clk 1:26:31]} 17. exd5 {[%clk 1:06:20]} exd5 {[%clk 1:25:56]} 18. Ne5
{[%clk 1:06:44]} Rd8 {[%clk 1:24:27]} 19. Ndf3 {[%clk 1:02:45]} Qc7 {[%clk
1:21:29]} 20. Qd1 {[%clk 1:01:12]} Rc8 {[%clk 1:20:43]} 21. Bh3 {[%clk 1:01:15]}
Re8 {[%clk 1:18:51]} 22. Rc1 {[%clk 1:01:35]} Qd6 {[%clk 1:07:24]} 23. Qa4 {[%clk
1:01:52]} b5 {[%clk 1:06:49]} 24. Qc2 {[%clk 1:01:41]} Bd8 {[%clk 1:02:51]} 25.
Qc5 {[%clk 0:43:44]} Qxc5 {[%clk 1:02:16]} 26. dxc5 {[%clk 0:43:59]} Bf6 {[%clk
0:57:35]} 27. Nd3 {[%clk 0:44:26]} b4 {[%clk 0:52:18]} 28. Nxb4 {[%clk 0:42:04]}
Bxb2 {[%clk 0:52:13]} 29. Nxa6 {[%clk 0:34:38]} Nxa6 {[%clk 0:48:55]} 30. Rc2
{[%clk 0:34:47]} Bf6 {[%clk 0:46:16]} 31. c6 {[%clk 0:35:14]} Bd8 {[%clk
0:46:36]} 32. Bc8 {[%clk 0:29:17]} Nc7 {[%clk 0:45:10]} 33. h4 {[%clk 0:27:34]}
Bf6 {[%clk 0:43:56]} 34. Bd7 {[%clk 0:26:40]} Rb8 {[%clk 0:43:45]} 35. Kf1 {[%clk
0:21:17]} Rb2 {[%clk 0:43:21]} 36. Rxb2 {[%clk 0:17:24]} 1/2-1/2

[Event "Poznan Chess Festival"]
[Site "chess24.com"]
[Date "2021.08.19"]
[Round "6"]
[White "Kaczmarek, Jan"]
[Black "Raczynski, Krzysztof"]
[Result "1-0"]
[Board "5"]
[WhiteElo "1337"]
[WhiteCountry "POL"]
[WhiteFideId "21059276"]
[WhiteEloChange "18"]
[BlackElo "2212"]
[BlackCountry "POL"]
[BlackFideId "1172549"]
[BlackEloChange "-18"]

1. e4 {[%clk 1:30:57]} c5 {[%clk 1:30:48]} 2. Nf3 {[%clk 1:31:19]} d6 {[%clk
1:31:07]} 3. Bb5+ {[%clk 1:31:30]} Nd7 {[%clk 1:30:50]} 4. a4 {[%clk 1:31:41]}
Nf6 {[%clk 1:30:51]} 5. Qe2 {[%clk 1:31:50]} e5 {[%clk 1:28:37]} 6. c3 {[%clk
1:29:17]} g6 {[%clk 1:27:45]} 7. d4 {[%clk 1:23:49]} Qc7 {[%clk 1:26:39]} 8. Bg5
{[%clk 1:17:43]} Bg7 {[%clk 1:25:58]} 9. dxe5 {[%clk 1:13:28]} dxe5 {[%clk
1:25:54]} 10. O-O {[%clk 1:12:30]} O-O {[%clk 1:25:01]} 11. a5 {[%clk 1:05:49]}
a6 {[%clk 1:23:29]} 12. Bc4 {[%clk 1:03:08]} Re8 {[%clk 1:15:42]} 13. Nbd2 {[%clk
1:00:29]} Nf8 {[%clk 1:14:30]} 14. Bh4 {[%clk 0:51:11]} Ne6 {[%clk 1:11:55]} 15.
Ng5 {[%clk 0:47:04]} Nxg5 {[%clk 0:59:04]} 16. Bxg5 {[%clk 0:47:33]} Nh5 {[%clk
0:59:08]} 17. g3 {[%clk 0:43:15]} Bf6 {[%clk 0:53:44]} 18. Bxf6 {[%clk 0:43:03]}
Nxf6 {[%clk 0:54:11]} 19. f4 {[%clk 0:39:35]} Kg7 {[%clk 0:40:31]} 20. f5 {[%clk
0:38:19]} gxf5 {[%clk 0:39:52]} 21. exf5 {[%clk 0:38:42]} e4 {[%clk 0:37:31]} 22.
Qe3 {[%clk 0:34:35]} h6 {[%clk 0:37:39]} 23. Rf4 {[%clk 0:33:53]} Qc6 {[%clk
0:30:12]} 24. Rh4 {[%clk 0:31:53]} Nh7 {[%clk 0:29:08]} 25. f6+ {[%clk 0:30:29]}
Qxf6 {[%clk 0:27:58]} 26. Rf1 {[%clk 0:30:47]} Qg5 {[%clk 0:25:16]} 27. Rxf7+
{[%clk 0:30:39]} Kg6 {[%clk 0:25:15]} 28. Rff4 {[%clk 0:24:52]} Bf5 {[%clk
0:21:37]} 29. Nxe4 {[%clk 0:22:58]} Rxe4 {[%clk 0:15:46]} 30. Rxe4 {[%clk
0:23:22]} Rd8 {[%clk 0:15:13]} 31. Re7 {[%clk 0:14:42]} Rd1+ {[%clk 0:13:10]} 32.
Kf2 {[%clk 0:14:31]} Rd2+ {[%clk 0:09:04]} 33. Kf3 {[%clk 0:13:51]} Nf6 {[%clk
0:05:30]} 34. Bf7+ {[%clk 0:13:35]} Kg7 {[%clk 0:05:45]} 35. Qxg5+ {[%clk
0:11:02]} hxg5 {[%clk 0:06:08]} 36. Be6+ {[%clk 0:10:41]} Kg6 {[%clk 0:06:23]}
37. Bxf5+ {[%clk 0:10:13]} Kxf5 {[%clk 0:06:51]} 38. Rc4 {[%clk 0:09:12]} g4+
{[%clk 0:04:52]} 39. Ke3 {[%clk 0:09:41]} Rxb2 {[%clk 0:05:06]} 40. Rxc5+ {[%clk
0:09:49]} Kg6 {[%clk 0:05:31]} 41. Re6 {[%clk 0:08:56]} Rxh2 {[%clk 0:05:38]} 42.
Rb6 {[%clk 0:04:58]} Rg2 {[%clk 0:05:09]} 43. Rxb7 {[%clk 0:04:27]} Rxg3+ {[%clk
0:05:28]} 44. Ke2 {[%clk 0:04:47]} Rf3 {[%clk 0:04:34]} 45. Rb6 {[%clk 0:04:57]}
Rf4 {[%clk 0:04:47]} 46. Rxa6 {[%clk 0:04:36]} g3 {[%clk 0:05:11]} 47. Rd5 {[%clk
0:04:52]} g2 {[%clk 0:03:51]} 48. Rd1 {[%clk 0:05:21]} Kf5 {[%clk 0:03:38]} 49.
Rg1 {[%clk 0:05:22]} Rg4 {[%clk 0:02:18]} 50. Kf3 {[%clk 0:05:09]} Ne4 {[%clk
0:01:38]} 51. Rxg2 {[%clk 0:05:22]} Ng5+ {[%clk 0:02:03]} 52. Kf2 {[%clk
0:05:34]} Nh3+ {[%clk 0:02:32]} 53. Kf1 {[%clk 0:05:50]} Ra4 {[%clk 0:02:47]} 54.
Rc2 {[%clk 0:05:15]} Nf4 {[%clk 0:02:31]} 55. c4 {[%clk 0:04:53]} Ke4 {[%clk
0:02:50]} 56. Kf2 {[%clk 0:03:20]} Ra3 {[%clk 0:02:39]} 57. Ra8 {[%clk 0:02:57]}
Rf3+ {[%clk 0:02:43]} 58. Ke1 {[%clk 0:03:04]} Kd3 {[%clk 0:01:55]} 59. Rh2
{[%clk 0:02:59]} Re3+ {[%clk 0:01:20]} 60. Kd1 {[%clk 0:02:58]} Rg3 {[%clk
0:01:04]} 61. Rd8+ {[%clk 0:02:45]} Kc3 {[%clk 0:01:14]} 62. Rc2+ {[%clk
0:03:00]} Kb4 {[%clk 0:01:20]} 63. Rb8+ {[%clk 0:03:18]} Kc5 {[%clk 0:01:38]} 64.
a6 {[%clk 0:03:21]} Ra3 {[%clk 0:01:13]} 65. Rb5+ {[%clk 0:02:35]} Kd4 {[%clk
0:01:25]} 66. c5 {[%clk 0:02:05]} Nd5 {[%clk 0:00:42]} 67. Rc1 {[%clk 0:01:20]}
Rxa6 {[%clk 0:00:34]} 68. c6 {[%clk 0:01:05]} Ra7 {[%clk 0:00:31]} 69. Rxd5+
{[%clk 0:01:18]} Kxd5 {[%clk 0:00:56]} 70. c7 {[%clk 0:01:46]} 1-0

[Event "Poznan Chess Festival"]
[Site "chess24.com"]
[Date "2021.08.19"]
[Round "6"]
[White "Chaczynski, Kamil"]
[Black "Zakrzewski, Marek"]
[Result "1/2-1/2"]
[Board "6"]
[WhiteElo "2040"]
[WhiteCountry "POL"]
[WhiteFideId "21807906"]
[WhiteEloChange "6"]
[BlackElo "2295"]
[BlackTitle "FM"]
[BlackCountry "POL"]
[BlackFideId "1170694"]
[BlackEloChange "-6"]

1. e4 {[%clk 1:31:00]} c5 {[%clk 1:30:52]} 2. Nf3 {[%clk 1:31:27]} e6 {[%clk
1:31:13]} 3. g3 {[%clk 1:31:54]} Nc6 {[%clk 1:31:31]} 4. Bg2 {[%clk 1:32:19]} Nf6
{[%clk 1:31:25]} 5. Qe2 {[%clk 1:32:44]} e5 {[%clk 1:31:28]} 6. O-O {[%clk
1:33:10]} Be7 {[%clk 1:31:27]} 7. c3 {[%clk 1:33:35]} O-O {[%clk 1:31:47]} 8. Na3
{[%clk 1:33:59]} Re8 {[%clk 1:30:48]} 9. d3 {[%clk 1:34:02]} h6 {[%clk 1:31:07]}
10. Nc4 {[%clk 1:33:52]} Bf8 {[%clk 1:28:55]} 11. Re1 {[%clk 1:28:21]} d6 {[%clk
1:26:16]} 12. a3 {[%clk 1:22:25]} Be6 {[%clk 1:23:05]} 13. b4 {[%clk 1:07:17]} b5
{[%clk 1:22:16]} 14. Ne3 {[%clk 1:05:54]} a5 {[%clk 1:15:57]} 15. Bd2 {[%clk
0:44:52]} axb4 {[%clk 1:02:37]} 16. cxb4 {[%clk 0:38:45]} Qb6 {[%clk 0:48:41]}
17. Reb1 {[%clk 0:32:56]} Ra4 {[%clk 0:42:24]} 18. Nd1 {[%clk 0:24:32]} Nd4
{[%clk 0:41:38]} 19. Nxd4 {[%clk 0:23:41]} cxd4 {[%clk 0:39:00]} 20. f4 {[%clk
0:22:49]} Bg4 {[%clk 0:35:56]} 21. Bf3 {[%clk 0:22:22]} Bxf3 {[%clk 0:35:58]} 22.
Qxf3 {[%clk 0:22:48]} d5 {[%clk 0:36:08]} 23. Nf2 {[%clk 0:19:30]} exf4 {[%clk
0:34:35]} 24. gxf4 {[%clk 0:17:39]} dxe4 {[%clk 0:34:53]} 25. dxe4 {[%clk
0:17:32]} Qb7 {[%clk 0:23:43]} 26. Re1 {[%clk 0:17:39]} Rea8 {[%clk 0:21:42]} 27.
Qd3 {[%clk 0:16:55]} Qa6 {[%clk 0:19:31]} 28. Qxd4 {[%clk 0:16:20]} Rxa3 {[%clk
0:19:53]} 29. Rxa3 {[%clk 0:15:41]} Qxa3 {[%clk 0:20:20]} 30. e5 {[%clk 0:13:46]}
Nh7 {[%clk 0:19:05]} 31. f5 {[%clk 0:11:07]} Ng5 {[%clk 0:17:04]} 32. Bxg5 {[%clk
0:11:28]} hxg5 {[%clk 0:17:31]} 33. e6 {[%clk 0:09:50]} fxe6 {[%clk 0:12:49]} 34.
Nd3 {[%clk 0:03:56]} exf5 {[%clk 0:07:10]} 35. Qd5+ {[%clk 0:04:00]} Kh8 {[%clk
0:07:38]} 36. Qxf5 {[%clk 0:02:55]} Qa7+ {[%clk 0:06:54]} 37. Nc5 {[%clk
0:02:05]} Qb6 {[%clk 0:02:46]} 1/2-1/2

[Event "Poznan Chess Festival"]
[Site "chess24.com"]
[Date "2021.08.19"]
[Round "6"]
[White "Glatty, Zbigniew"]
[Black "Stempin, Pawel"]
[Result "1/2-1/2"]
[Board "7"]
[WhiteElo "1840"]
[WhiteCountry "POL"]
[WhiteFideId "1171305"]
[WhiteEloChange "8"]
[BlackElo "2356"]
[BlackTitle "IM"]
[BlackCountry "POL"]
[BlackFideId "1100068"]
[BlackEloChange "-8"]

1. e4 {[%clk 1:30:55]} e6 {[%clk 1:30:33]} 2. d4 {[%clk 1:31:19]} d5 {[%clk
1:30:48]} 3. Nc3 {[%clk 1:31:43]} h6 {[%clk 1:27:13]} 4. f4 {[%clk 1:30:02]} dxe4
{[%clk 1:27:15]} 5. Nxe4 {[%clk 1:30:25]} Nd7 {[%clk 1:27:37]} 6. Nf3 {[%clk
1:29:11]} Ngf6 {[%clk 1:27:11]} 7. Bd3 {[%clk 1:27:26]} Nxe4 {[%clk 1:21:48]} 8.
Bxe4 {[%clk 1:27:53]} Be7 {[%clk 1:21:59]} 9. O-O {[%clk 1:27:48]} Nf6 {[%clk
1:22:02]} 10. Bd3 {[%clk 1:27:44]} O-O {[%clk 1:22:10]} 11. b3 {[%clk 1:25:32]}
b6 {[%clk 1:22:08]} 12. c4 {[%clk 1:23:39]} Bb7 {[%clk 1:22:21]} 13. Bb2 {[%clk
1:23:07]} c5 {[%clk 1:20:25]} 14. Kh1 {[%clk 1:16:34]} cxd4 {[%clk 1:13:44]} 15.
Bxd4 {[%clk 1:07:59]} Qd6 {[%clk 1:00:32]} 16. Be5 {[%clk 0:55:14]} Qc5 {[%clk
1:00:34]} 17. Qe2 {[%clk 0:52:26]} Rad8 {[%clk 1:00:02]} 18. Rad1 {[%clk
0:52:07]} Ng4 {[%clk 0:49:42]} 19. Bd4 {[%clk 0:29:26]} Bxf3 {[%clk 0:38:50]} 20.
Qxf3 {[%clk 0:25:34]} Rxd4 {[%clk 0:37:28]} 21. Qxg4 {[%clk 0:25:37]} Rfd8 {[%clk
0:36:05]} 22. Qf3 {[%clk 0:19:53]} a5 {[%clk 0:31:43]} 23. Bc2 {[%clk 0:17:15]}
g6 {[%clk 0:30:44]} 24. Rxd4 {[%clk 0:16:25]} Rxd4 {[%clk 0:31:02]} 25. Rd1
{[%clk 0:16:26]} Bd6 {[%clk 0:29:31]} 26. g3 {[%clk 0:16:08]} h5 {[%clk 0:29:09]}
27. Rxd4 {[%clk 0:15:28]} Qxd4 {[%clk 0:29:07]} 28. Qd3 {[%clk 0:15:30]} Qf2
{[%clk 0:28:56]} 29. Qd1 {[%clk 0:10:01]} Bc5 {[%clk 0:28:59]} 30. a4 {[%clk
0:09:44]} Kg7 {[%clk 0:25:57]} 31. Bd3 {[%clk 0:09:25]} h4 {[%clk 0:25:07]} 32.
Qa1+ {[%clk 0:07:50]} Bd4 {[%clk 0:25:13]} 33. Qf1 {[%clk 0:08:15]} hxg3 {[%clk
0:25:30]} 34. Qxf2 {[%clk 0:08:09]} gxf2 {[%clk 0:25:46]} 35. Kg2 {[%clk
0:08:25]} Bc5 {[%clk 0:22:34]} 36. Kf3 {[%clk 0:08:46]} Kf6 {[%clk 0:21:45]} 37.
Ke4 {[%clk 0:08:41]} Ke7 {[%clk 0:21:46]} 38. Bf1 {[%clk 0:07:51]} f5+ {[%clk
0:20:55]} 39. Kf3 {[%clk 0:08:08]} Kf6 {[%clk 0:18:39]} 40. h4 {[%clk 0:07:08]}
Bd4 {[%clk 0:18:45]} 41. c5 {[%clk 0:07:05]} Bxc5 {[%clk 0:17:54]} 42. Bc4 {[%clk
0:06:05]} Bd4 {[%clk 0:17:53]} 43. Kg2 {[%clk 0:05:38]} Ke7 {[%clk 0:16:51]} 44.
Be2 {[%clk 0:05:24]} Be3 {[%clk 0:14:49]} 45. Kf3 {[%clk 0:05:46]} Bd2 {[%clk
0:15:05]} 46. Bc4 {[%clk 0:04:43]} f1=Q+ {[%clk 0:14:59]} 47. Bxf1 {[%clk
0:04:59]} Be1 {[%clk 0:15:23]} 48. h5 {[%clk 0:04:53]} gxh5 {[%clk 0:15:45]} 49.
Ke2 {[%clk 0:04:45]} Bg3 {[%clk 0:14:06]} 50. Kf3 {[%clk 0:05:07]} Bh2 {[%clk
0:14:04]} 51. Bc4 {[%clk 0:04:59]} h4 {[%clk 0:13:59]} 52. Bf1 {[%clk 0:05:22]}
Kd6 {[%clk 0:14:15]} 53. Bc4 {[%clk 0:04:46]} Bg3 {[%clk 0:14:31]} 54. Bf1 {[%clk
0:05:06]} Be1 {[%clk 0:14:49]} 55. Ke2 {[%clk 0:05:19]} Bc3 {[%clk 0:15:03]} 56.
Kd3 {[%clk 0:05:31]} Bb4 {[%clk 0:14:54]} 57. Ke3 {[%clk 0:05:56]} Ba3 {[%clk
0:15:06]} 58. Kf3 {[%clk 0:06:00]} Bc1 {[%clk 0:15:27]} 59. Bh3 {[%clk 0:05:50]}
Bd2 {[%clk 0:13:04]} 60. Bg2 {[%clk 0:06:08]} Kc5 {[%clk 0:10:22]} 61. Bf1 {[%clk
0:06:09]} Kd5 {[%clk 0:09:35]} 62. Bc4+ {[%clk 0:06:31]} Kd6 {[%clk 0:09:58]} 63.
Bf1 {[%clk 0:06:56]} Be1 {[%clk 0:10:18]} 64. Ke2 {[%clk 0:06:50]} Bg3 {[%clk
0:10:29]} 65. Kf3 {[%clk 0:07:13]} Bh2 {[%clk 0:10:44]} 66. Bc4 {[%clk 0:06:48]}
Bg3 {[%clk 0:09:45]} 67. Bf1 {[%clk 0:07:08]} Be1 {[%clk 0:09:46]} 68. Ke2 {[%clk
0:07:30]} Bc3 {[%clk 0:10:09]} 69. Kd3 {[%clk 0:07:52]} Bg7 {[%clk 0:10:28]} 70.
Ke3 {[%clk 0:08:12]} Bf8 {[%clk 0:10:12]} 71. Kf3 {[%clk 0:08:32]} Bh6 {[%clk
0:10:35]} 72. Bh3 {[%clk 0:08:37]} Kd5 {[%clk 0:09:57]} 73. Bg2 {[%clk 0:08:35]}
Kc5 {[%clk 0:06:23]} 74. Bf1 {[%clk 0:08:50]} Kc6 {[%clk 0:05:51]} 75. Bb5+
{[%clk 0:09:12]} Kd6 {[%clk 0:06:03]} 76. Bf1 {[%clk 0:09:36]} Bg7 {[%clk
0:06:01]} 77. Bh3 {[%clk 0:09:53]} Bc3 {[%clk 0:05:12]} 78. Bf1 {[%clk 0:10:15]}
e5 {[%clk 0:05:20]} 79. fxe5+ {[%clk 0:10:37]} Kxe5 {[%clk 0:05:39]} 80. Bh3
{[%clk 0:10:47]} Bd2 {[%clk 0:05:49]} 81. Bf1 {[%clk 0:11:00]} Bb4 {[%clk
0:05:42]} 82. Bh3 {[%clk 0:11:17]} Bd6 {[%clk 0:05:55]} 83. Ke3 {[%clk 0:10:44]}
Bc5+ {[%clk 0:05:39]} 84. Kf3 {[%clk 0:11:07]} Bb4 {[%clk 0:05:48]} 85. Ke3
{[%clk 0:11:16]} Bd6 {[%clk 0:05:19]} 86. Kf3 {[%clk 0:11:38]} f4 {[%clk
0:05:38]} 87. Bd7 {[%clk 0:10:14]} Kd4 {[%clk 0:05:52]} 88. Bf5 {[%clk 0:09:34]}
Bc7 {[%clk 0:05:31]} 89. Bd7 {[%clk 0:08:36]} Kc3 {[%clk 0:04:22]} 90. Be6 {[%clk
0:08:57]} h3 {[%clk 0:04:15]} 91. Bxh3 {[%clk 0:09:13]} Kxb3 {[%clk 0:04:39]} 92.
Bd7 {[%clk 0:09:35]} Kc4 {[%clk 0:04:54]} 93. Bb5+ {[%clk 0:09:57]} Kc5 {[%clk
0:05:13]} 94. Be8 {[%clk 0:10:19]} Be5 {[%clk 0:05:32]} 1/2-1/2

[Event "Poznan Chess Festival"]
[Site "chess24.com"]
[Date "2021.08.19"]
[Round "6"]
[White "Rosenfeld, Noe"]
[Black "Jaskolka, Tomasz"]
[Result "0-1"]
[Board "8"]
[WhiteElo "1305"]
[WhiteCountry "POL"]
[WhiteFideId "21840989"]
[WhiteEloChange "-2"]
[BlackElo "2220"]
[BlackTitle "CM"]
[BlackCountry "POL"]
[BlackFideId "1170791"]
[BlackEloChange "2"]

1. e4 {[%clk 1:30:56]} d6 {[%clk 1:30:45]} 2. d4 {[%clk 1:29:47]} Nf6 {[%clk
1:31:10]} 3. Nc3 {[%clk 1:29:18]} Nbd7 {[%clk 1:31:36]} 4. Nf3 {[%clk 1:28:09]}
e5 {[%clk 1:31:33]} 5. Bc4 {[%clk 1:24:59]} Be7 {[%clk 1:31:47]} 6. O-O {[%clk
1:23:24]} c6 {[%clk 1:32:00]} 7. Bb3 {[%clk 1:20:17]} Qc7 {[%clk 1:32:08]} 8. Re1
{[%clk 1:19:17]} h6 {[%clk 1:31:29]} 9. h3 {[%clk 1:19:35]} Nf8 {[%clk 1:30:46]}
10. Qd3 {[%clk 1:10:56]} g5 {[%clk 1:27:23]} 11. g4 {[%clk 1:04:24]} Ne6 {[%clk
1:25:52]} 12. Ne2 {[%clk 0:56:41]} h5 {[%clk 1:16:38]} 13. Bxe6 {[%clk 0:49:26]}
Bxe6 {[%clk 1:17:01]} 14. Nxg5 {[%clk 0:46:05]} hxg4 {[%clk 1:17:10]} 15. hxg4
{[%clk 0:46:22]} O-O-O {[%clk 1:15:22]} 16. Nxe6 {[%clk 0:42:01]} fxe6 {[%clk
1:15:41]} 17. g5 {[%clk 0:28:26]} Nd7 {[%clk 1:12:14]} 18. f4 {[%clk 0:25:51]}
Rdg8 {[%clk 1:08:26]} 19. Qg3 {[%clk 0:13:45]} exf4 {[%clk 1:08:36]} 20. Bxf4
{[%clk 0:14:00]} e5 {[%clk 1:07:10]} 21. Be3 {[%clk 0:11:21]} Bxg5 {[%clk
1:07:19]} 22. Bxg5 {[%clk 0:10:11]} Rh5 {[%clk 1:07:44]} 23. Kf2 {[%clk 0:09:35]}
Rhxg5 {[%clk 1:07:15]} 24. Qb3 {[%clk 0:09:20]} Rg2+ {[%clk 1:05:40]} 25. Ke3
{[%clk 0:08:37]} Qa5 {[%clk 0:58:57]} 26. Rf1 {[%clk 0:06:06]} exd4+ {[%clk
0:58:35]} 27. Kxd4 {[%clk 0:06:11]} Qd2+ {[%clk 0:58:26]} 0-1

[Event "Poznan Chess Festival"]
[Site "chess24.com"]
[Date "2021.08.19"]
[Round "6"]
[White "Schmidt, Wlodzimierz"]
[Black "Szelag, Zuzanna"]
[Result "1/2-1/2"]
[Board "9"]
[WhiteElo "2219"]
[WhiteTitle "GM"]
[WhiteCountry "POL"]
[WhiteFideId "1100041"]
[WhiteEloChange "-8"]
[BlackElo "1839"]
[BlackCountry "POL"]
[BlackFideId "1195522"]
[BlackEloChange "8"]

1. d4 {[%clk 1:30:51]} d5 {[%clk 1:30:57]} 2. c4 {[%clk 1:30:49]} e6 {[%clk
1:31:19]} 3. Nc3 {[%clk 1:30:57]} a6 {[%clk 1:31:43]} 4. cxd5 {[%clk 1:29:40]}
exd5 {[%clk 1:32:10]} 5. Bf4 {[%clk 1:29:33]} Nf6 {[%clk 1:32:30]} 6. e3 {[%clk
1:29:31]} Bd6 {[%clk 1:32:25]} 7. Bxd6 {[%clk 1:28:34]} Qxd6 {[%clk 1:32:51]} 8.
Bd3 {[%clk 1:26:26]} O-O {[%clk 1:33:15]} 9. h3 {[%clk 1:12:54]} b6 {[%clk
1:33:31]} 10. Nf3 {[%clk 1:12:17]} c5 {[%clk 1:32:50]} 11. O-O {[%clk 1:07:27]}
Bb7 {[%clk 1:29:27]} 1/2-1/2

[Event "Poznan Chess Festival"]
[Site "chess24.com"]
[Date "2021.08.19"]
[Round "6"]
[White "Michalski, Karol"]
[Black "Szymanski, Zbigniew"]
[Result "1-0"]
[Board "10"]
[WhiteElo "2010"]
[WhiteCountry "POL"]
[WhiteFideId "1110845"]
[WhiteEloChange "4"]
[BlackElo "1793"]
[BlackCountry "POL"]
[BlackFideId "1180916"]
[BlackEloChange "-4"]

1. d4 {[%clk 1:30:58]} d6 {[%clk 1:30:52]} 2. Nf3 {[%clk 1:31:21]} Nf6 {[%clk
1:31:02]} 3. c4 {[%clk 1:31:45]} c6 {[%clk 1:31:19]} 4. Nc3 {[%clk 1:31:21]} Nbd7
{[%clk 1:31:21]} 5. Qc2 {[%clk 1:31:04]} e5 {[%clk 1:30:34]} 6. g3 {[%clk
1:31:19]} Qa5 {[%clk 1:28:45]} 7. Bd2 {[%clk 1:15:41]} Qc7 {[%clk 1:27:30]} 8.
Bg2 {[%clk 1:13:16]} Be7 {[%clk 1:26:05]} 9. Rb1 {[%clk 1:06:03]} a5 {[%clk
1:21:35]} 10. a3 {[%clk 1:05:10]} O-O {[%clk 1:16:37]} 11. b4 {[%clk 1:04:58]}
axb4 {[%clk 1:15:02]} 12. axb4 {[%clk 1:05:22]} exd4 {[%clk 1:09:19]} 13. Nxd4
{[%clk 1:05:41]} Ne5 {[%clk 1:09:17]} 14. Ne4 {[%clk 1:05:43]} Re8 {[%clk
0:58:51]} 15. O-O {[%clk 1:02:55]} Nxe4 {[%clk 0:53:10]} 16. Bxe4 {[%clk
1:02:05]} h6 {[%clk 0:50:58]} 17. f4 {[%clk 0:17:01]} Qb6 {[%clk 0:31:49]} 18. e3
{[%clk 0:16:58]} Ng4 {[%clk 0:30:54]} 19. b5 {[%clk 0:17:07]} c5 {[%clk 0:24:54]}
20. Ne2 {[%clk 0:17:22]} Ra3 {[%clk 0:17:38]} 21. Rb3 {[%clk 0:11:14]} Rxb3
{[%clk 0:16:33]} 22. Qxb3 {[%clk 0:11:39]} Bf6 {[%clk 0:11:48]} 23. Bd5 {[%clk
0:09:37]} Bd8 {[%clk 0:08:41]} 24. f5 {[%clk 0:05:42]} Bf6 {[%clk 0:07:28]} 25.
h3 {[%clk 0:05:27]} Ne5 {[%clk 0:07:03]} 26. Nc3 {[%clk 0:04:30]} Nd7 {[%clk
0:06:13]} 27. Qd1 {[%clk 0:04:40]} Bxc3 {[%clk 0:03:39]} 28. Qh5 {[%clk 0:04:59]}
Ne5 {[%clk 0:03:07]} 29. Bxc3 {[%clk 0:05:21]} Qc7 {[%clk 0:02:59]} 30. f6 {[%clk
0:02:54]} Be6 {[%clk 0:02:42]} 31. fxg7 {[%clk 0:03:17]} Kxg7 {[%clk 0:02:33]}
32. b6 {[%clk 0:02:11]} Qe7 {[%clk 0:01:53]} 33. Bxe5+ {[%clk 0:01:47]} dxe5
{[%clk 0:02:16]} 34. Qxe5+ {[%clk 0:02:03]} f6 {[%clk 0:02:31]} 35. Qc7 {[%clk
0:02:28]} Bxh3 {[%clk 0:01:23]} 36. Rb1 {[%clk 0:02:20]} Kg6 {[%clk 0:00:59]} 37.
Qxe7 {[%clk 0:02:11]} Rxe7 {[%clk 0:01:28]} 38. Rb5 {[%clk 0:02:41]} Rxe3 {[%clk
0:00:53]} 39. Kf2 {[%clk 0:03:06]} Rc3 {[%clk 0:01:02]} 40. Rxc5 {[%clk 0:03:07]}
Rb3 {[%clk 0:00:56]} 41. Rc7 {[%clk 0:01:52]} Rxb6 {[%clk 0:01:08]} 42. Bxb7
{[%clk 0:02:05]} Be6 {[%clk 0:00:55]} 43. Be4+ {[%clk 0:02:02]} f5 {[%clk
0:01:13]} 44. Bd3 {[%clk 0:02:22]} Rb2+ {[%clk 0:01:29]} 45. Ke3 {[%clk 0:02:23]}
Rg2 {[%clk 0:01:43]} 46. Kf4 {[%clk 0:02:16]} Rd2 {[%clk 0:01:53]} 47. Bxf5+
{[%clk 0:02:03]} Bxf5 {[%clk 0:02:05]} 48. Rc6+ {[%clk 0:02:30]} Be6 {[%clk
0:02:12]} 49. Rxe6+ {[%clk 0:02:55]} Kf7 {[%clk 0:02:39]} 50. Re4 {[%clk
0:02:30]} Kf6 {[%clk 0:02:49]} 51. Ke3 {[%clk 0:02:28]} Rd1 {[%clk 0:03:00]} 52.
Ke2 {[%clk 0:02:40]} Rg1 {[%clk 0:03:17]} 53. g4 {[%clk 0:03:00]} Rg3 {[%clk
0:03:36]} 54. Kd2 {[%clk 0:03:24]} Kg5 {[%clk 0:02:04]} 55. c5 {[%clk 0:03:45]}
h5 {[%clk 0:02:25]} 56. gxh5 {[%clk 0:01:42]} Kxh5 {[%clk 0:02:44]} 57. c6 {[%clk
0:01:48]} Rg7 {[%clk 0:03:01]} 58. Kd3 {[%clk 0:01:59]} Kg5 {[%clk 0:02:50]} 59.
Kd4 {[%clk 0:02:04]} Kf5 {[%clk 0:02:58]} 60. Re1 {[%clk 0:02:20]} Rg2 {[%clk
0:02:59]} 61. Kc5 {[%clk 0:02:39]} Rc2+ {[%clk 0:03:06]} 62. Kd6 {[%clk 0:02:53]}
Rd2+ {[%clk 0:03:31]} 63. Kc7 {[%clk 0:03:15]} Rb2 {[%clk 0:03:30]} 64. Kc8
{[%clk 0:03:35]} Kf6 {[%clk 0:03:41]} 65. c7 {[%clk 0:03:10]} Rd2 {[%clk
0:03:57]} 66. Rb1 {[%clk 0:03:19]} Rb2 {[%clk 0:03:01]} 1-0

[Event "Poznan Chess Festival"]
[Site "chess24.com"]
[Date "2021.08.19"]
[Round "6"]
[White "Wesolowski, Edgar"]
[Black "Zgarda, Jakub"]
[Result "0-1"]
[Board "11"]
[WhiteElo "1975"]
[WhiteCountry "POL"]
[WhiteFideId "1138022"]
[WhiteEloChange "-15"]
[BlackElo "1788"]
[BlackCountry "POL"]
[BlackFideId "1140280"]
[BlackEloChange "15"]

1. c4 {[%clk 1:30:58]} b6 {[%clk 1:30:44]} 2. Nc3 {[%clk 1:31:21]} e6 {[%clk
1:31:02]} 3. e4 {[%clk 1:31:46]} Bb7 {[%clk 1:31:19]} 4. d4 {[%clk 1:31:36]} Bb4
{[%clk 1:29:54]} 5. Bd3 {[%clk 1:31:59]} f5 {[%clk 1:30:13]} 6. d5 {[%clk
1:25:53]} fxe4 {[%clk 1:29:49]} 7. Bxe4 {[%clk 1:26:16]} Qh4 {[%clk 1:30:03]} 8.
Qe2 {[%clk 1:25:50]} Nf6 {[%clk 1:29:54]} 9. Bf3 {[%clk 1:26:12]} O-O {[%clk
1:29:04]} 10. dxe6 {[%clk 1:26:28]} Nc6 {[%clk 1:28:32]} 11. Be3 {[%clk 1:23:54]}
Nd4 {[%clk 1:19:43]} 12. Bxd4 {[%clk 1:20:49]} Qxd4 {[%clk 1:20:04]} 13. Bxb7
{[%clk 1:21:01]} Bxc3+ {[%clk 1:20:11]} 14. Kf1 {[%clk 1:21:28]} Rab8 {[%clk
1:15:21]} 15. bxc3 {[%clk 1:20:38]} Qxc3 {[%clk 1:15:43]} 16. Rd1 {[%clk
1:20:59]} Rxb7 {[%clk 1:15:47]} 17. exd7 {[%clk 1:21:26]} Rbb8 {[%clk 1:15:32]}
18. Nf3 {[%clk 1:20:01]} Rbd8 {[%clk 1:04:50]} 19. Ng5 {[%clk 1:15:27]} Rxd7
{[%clk 0:51:12]} 20. Rxd7 {[%clk 1:12:55]} Nxd7 {[%clk 0:51:35]} 21. Qe6+ {[%clk
1:13:16]} Kh8 {[%clk 0:51:56]} 22. Nf7+ {[%clk 1:13:39]} Rxf7 {[%clk 0:52:03]}
23. Qxf7 {[%clk 1:13:55]} Qd3+ {[%clk 0:52:25]} 24. Ke1 {[%clk 1:14:09]} Qc3+
{[%clk 0:50:30]} 25. Ke2 {[%clk 1:13:53]} Qc2+ {[%clk 0:49:38]} 26. Ke3 {[%clk
1:14:06]} Qc3+ {[%clk 0:49:45]} 27. Kf4 {[%clk 1:10:33]} Qe5+ {[%clk 0:49:36]}
28. Kf3 {[%clk 1:09:31]} Qc3+ {[%clk 0:49:52]} 29. Ke4 {[%clk 1:02:49]} Nf6+
{[%clk 0:44:08]} 30. Kf4 {[%clk 1:02:08]} Qd4+ {[%clk 0:44:30]} 31. Kf3 {[%clk
1:01:35]} Qe4+ {[%clk 0:44:30]} 0-1